000 00655cam a2200205 4500
008 011129n2001 000 0 eng u
035 _a(Sirsi) u115795
245 _aRICS tackles reality of globalisation
260 _c2001
490 _aRICS Press Release
_v(pr157) 27 November 2001, (2)
520 _aRICS International Governing Council has called for common international ethical standards among its members in property and construction.
590 _aWB
650 _aRICS GOVERNING COUNCIL
650 _aGLOBALISATION
650 _aPROPERTY
650 _aBUILT ENVIRONMENT
650 _aRICS POLICY
690 _aRICS NEWS
942 _n0
999 _c68972
_d68972